Stavebné sporenie či hypotekárny úver?

Využitie stavebného a hypotekárneho úveru. Využitie stavebného sporenia pri vysokej investícii. Výber banky alebo stavebnej sporiteľne.

Na minha lista:
Detalhes bibliográficos
Autor principal: Izakovič, Ondrej
Formato: Capítulo de Livro
Idioma:eslovaco
Assuntos:
Tags: Adicionar Tag
Sem tags, seja o primeiro a adicionar uma tag!

MARC

LEADER 00000naa$a2200000$$$4500
001 0055948
005 20231006122026.3
041 0 |a slo 
044 |a SK 
245 1 0 |a Stavebné sporenie či hypotekárny úver?  |c Ondrej Izakovič 
520 |a Využitie stavebného a hypotekárneho úveru. Využitie stavebného sporenia pri vysokej investícii. Výber banky alebo stavebnej sporiteľne. 
610 2 0 |a sporenie stavebné 
610 2 0 |a úver hypotekárny 
610 2 0 |a bývanie 
610 2 0 |a banky 
610 2 0 |a sporiteľne stavebné 
610 2 0 |a produkty 
100 1 |a Izakovič, Ondrej